| 000 | 01517cam a22004454i 4500 | ||
|---|---|---|---|
| 003 | PE-LiUPU | ||
| 005 | 20250731173024.0 | ||
| 008 | 150623s r 000 0 d | ||
| 020 | _a0805421467 | ||
| 035 | _a(Sirsi) i9780805421460 | ||
| 040 |
_aPE-LiUPU _bspa _cPE-LiUPU _erda |
||
| 049 | _aPRUA | ||
| 082 | 0 | 4 |
_a241.677 _bC26 _221 |
| 100 | 1 |
_aCarter, Les, _eautor. |
|
| 245 | 1 | 0 |
_aPeople pleasers : _bhelping others without hurting yourself / _cLes Carter. |
| 264 | 1 |
_aNashville, Tennessee : _bBroadman & Holman Publishers, _c2000. |
|
| 300 |
_a199 páginas ; _c24 centímetros |
||
| 336 |
_atext _2rdacontent |
||
| 337 |
_aunmediated _2rdamedia |
||
| 338 |
_avolume _2rdacarrier |
||
| 505 | 0 | _aRecognizing the people-pleasing pattern. -How the people-pleasing pattern is formed. -Finding balance in your life. | |
| 526 | _aSEG42 | ||
| 526 | _aSEG41 | ||
| 526 | _aSEG40 | ||
| 526 | _aSEG39 | ||
| 526 | _aP94 | ||
| 526 | _aP87 | ||
| 526 | _aP86 | ||
| 526 | _aP85 | ||
| 526 | _aP77 | ||
| 526 | _aP76 | ||
| 526 | _aP35 | ||
| 650 | 0 | 4 |
_aVoluntariado social _xCristianismo. |
| 942 |
_2ddc _cBOOK |
||
| 949 |
_a241.677 C26 _wDEWEY _c1 _i47871 _lCCODEBUL1 _mBUL _r0 _sY _tBOOK _u2015-6-24 _xTEOLOGIA _PP35 _0COMPRA _o.STAFF. Colección General |
||
| 994 |
_aC0 _bPEPRU |
||
| 596 | _a1 | ||
| 999 |
_a241.677 C26 _wDEWEY _c24343 _i47871 _f2021-11-10 _g5 _lCCODEBUL1 _mBUL _r0 _sY _tBOOK _u2015-6-24 _xTEOLOGIA _PP35 _0COMPRA _o.STAFF. Colección General _d24343 |
||
| 980 |
_81 _gALBERTO SANCHEZ Responsable de Automatización |
||